Plan nacional de prevención (Registro nro. 5374)

Detalles MARC
000 -CABECERA
Campo de control 00827nam a22002057a 4500
005 - FECHA Y HORA DE LA ULTIMA TRANSACCION
Campo de control 20180803165251.0
008 - ELEMENTOS DE LONGITUD FIJA—INFORMACION GENERAL
Campo de control 140421s2002 ck abd gr|||| 00| 0 spa d
041 ## - IDIOMA
Código de idioma para texto/pista de sonido o título separado Español
044 ## - PAÍS DE PUBLICACIÓN
País de publicación Colombia
082 ## - NUMERO DE CLASIFICACION DECIMAL DEWEY
Número de clasificación 628.92
Número del ítem C718p
110 1# - ASIENTO PRINCIPAL--NOMBRE CORPORATIVO
Unidad subordinad Ministerio de Ambiente, Vivienda y Desarrollo Territorial
Nombre corporativo o de jurisdicción como elemento de entrada Colombia
245 10 - MENCION DE TITULO
Título Plan nacional de prevención
Parte restante del título control de incendios forestales y restauración de áreas afectadas
260 3# - PUBLICACION, DISTRIBUCION, ETC. (PIE DE IMPRENTA)
Lugar de publicación, distribución, etc. Bogotá
Nombre del editor, distribuidor, etc. Ministerio de Ambiente, Vivienda y Desarrollo Territorial
Fecha de publicación, distribución, etc. 2002
300 ## - DESCRIPCION FISICA
Extensión 71 p.
Otros detalles físicos il., mapas, tablas
Dimensiones 28 cm
504 ## - NOTA DE BIBLIOGRAFIA, ETC.
Nota de bibliografía Incluye bibliografía (páginas 49 y 50)
650 #4 - ASIENTO SECUNDARIO DE MATERIA - TERMINO TEMATICO
Término temático o nombre geográfico como elemento de entrada Incendios forestales
Subdivisión de forma Programa
Subdivisión general Prevención
650 #4 - ASIENTO SECUNDARIO DE MATERIA - TERMINO TEMATICO
Término temático o nombre geográfico como elemento de entrada Incendios forestales
Subdivisión de forma Programa
Subdivisión general Control
650 #4 - ASIENTO SECUNDARIO DE MATERIA - TERMINO TEMATICO
Término temático o nombre geográfico como elemento de entrada Restauración
Subdivisión de forma Programa
Subdivisión general Zona afectada
942 ## - ELEMENTOS ADICIONALES (KOHA)
Tipo de ítem Libro
Sistema de clasificación Dewey Decimal Classification
Koha issues (borrowed), all copies 1
Existencias
Withdrawn status Lost status Sistema de Clasificación Damaged status No para préstamo Colección Inventariado Ubicación Permanente Ubicación actual Fecha de adquisición Fuente de Valor Valor Total Checkouts Número topográfico Inventario / Código de Barras Date last seen Date checked out Ejemplar Price effective from Forma de adquisición Tipo de material
    Dewey Decimal Classification     General Inventariado 2017 Bogotá Bogotá 21/04/2014 Instituto 15000.00 1 LB-628.92 C718p 023486 12/03/2015 12/03/2015 Ej.1 04/12/2012   Libro